Polysaccharide degrading enzymes excreted by two root rot fungi (Record no. 45770)

MARC details
000 -LEADER
fixed length control field 00538nam a2200193Ia 4500
100 ## - MAIN ENTRY--AUTHOR NAME
Personal name Geiger JP
245 #0 - TITLE STATEMENT
Title Polysaccharide degrading enzymes excreted by two root rot fungi
260 ## - PUBLICATION, DISTRIBUTION, ETC. (IMPRINT)
Name of publisher Symbiosis
Year of publication 1986
300 ## - PHYSICAL DESCRIPTION
Number of Pages 337-340
650 ## - SUBJECT ADDED ENTRY--TOPICAL TERM
Topical Term degrading enzymesglycosidases
650 ## - SUBJECT ADDED ENTRY--TOPICAL TERM
Topical Term Extracellular polysaccharide degrading systems
650 ## - SUBJECT ADDED ENTRY--TOPICAL TERM
Topical Term formes
650 ## - SUBJECT ADDED ENTRY--TOPICAL TERM
Topical Term P.nozius
650 ## - SUBJECT ADDED ENTRY--TOPICAL TERM
Topical Term R.lignosus
650 ## - SUBJECT ADDED ENTRY--TOPICAL TERM
Topical Term root rot fungi
650 ## - SUBJECT ADDED ENTRY--TOPICAL TERM
Topical Term rubber tree
942 ## - ADDED ENTRY ELEMENTS (KOHA)
Koha item type Reprints
Holdings
Withdrawn status Lost status Damaged status Not for loan Home library Current library Date acquired Serial Enumeration / chronology Koha item type
      Reprints RRII Library RRII Library 22/12/2021 Volume 2, Issue Reprints